000 00933 a2200229 4500
020 _a0764558315
040 _aDLC
_bDLC
082 0 0 _a005.133
100 1 _aJohnson, Rod,
245 1 0 _aExpert one-on-one J2EE development without EJB
_cRod Johnson with Juergen Hoeller.
260 _aIndianapolis, Ind. :
_bWiley Pub.,
_cc2004.
300 _axxiv, 552 p. :
_bill. ;
_c24 cm.
500 _a"Programmer to programmer"--Cover.
500 _a"Wrox"--Cover.
650 0 _aJava (Computer program language)
650 0 _aComputer software
_xDevelopment.
700 1 _aHoeller, Juergen,
_d1975-
856 4 1 _3Table of contents only
_uhttp://www.loc.gov/catdir/toc/wiley051/2004005516.html
856 4 1 _3Contributor biographical information
_uhttp://www.loc.gov/catdir/enhancements/fy0616/2004005516-b.html
856 4 1 _3Publisher description
_uhttp://www.loc.gov/catdir/enhancements/fy0616/2004005516-d.html
942 _cBK
_k005.133 JOH
_2ddc
999 _c4291
_d4291